01009 a2200157 45000010006000000050017000060080041000230030015000640400040000790800109001192450054002282640054002823000018003365050479003541000018008335917520260407155846.0260407a1988 arg spa dAR-UNSa-BCEJYS aAR-UNSa-BCEJYSbspacAR-UNSa-BCEJYS a339.9xEconomía internacional en general. Relaciones económicas internacionales. Economía mundial 10aDesarrollo industrial e inserción internacional 1aBuenos Aires :bFundación Friedrich Ebertc1988 a92 p.c21 cm. a1. Competitividad internacional de la industria: presente y futuro – 2. Sustitución de importaciones, exportaciones industriales y exportaciones agropecuarias. ¿ Verdaderas o falsas antinomias? – 3. El desarrollo industrial y la tecnología – 4. Instrumentos concretos de inserción en la economía mundial: protección y promoción – 5. Instrumentos concretos de inserción en la economía mundial: exportaciones industriales – 6. Resumen y conclusiones1 aBustos, Pablo